000 00567nam a2200193Ia 4500
005 20250507130256.0
008 008 250505s9999 xx 000 0 eng d
037 _aSeries Article
040 _aEASL
_beng
_cEASL
041 _aeng
_2eng
084 _qEASL
100 _aAukland Knut
_9670550
245 0 _aUnderstanding possession in jainism:a study of oracular possession in nakoda
260 _aUK
_bCambridge Cambridge University Press UK
_c2013
300 _a109-134
650 _aAsian Studies
942 _cSRA
999 _c1318716
_d1318716